La beauté de la femme dans l'art / (Record no. 35740)
[ view plain ]
| 000 -LEADER | |
|---|---|
| campo de control de longitud fija | 00525nam a2200169 i 4500 |
| 001 - NÚMERO DE CONTROL | |
| campo de control | 35740 |
| 003 - IDENTIFICADOR DE NÚMERO DE CONTROL | |
| campo de control | ES-MaACL |
| 005 - FECHA Y HORA DE LA ÚLTIMA TRANSACCIÓN | |
| campo de control | 20230906155212.0 |
| 007 - CAMPO FIJO DE DESCRIPCIÓN FÍSICA--INFORMACIÓN GENERAL | |
| campo de control de longitud fija | t| |
| 008 - DATOS DE LONGITUD FIJA--INFORMACIÓN GENERAL | |
| campo de control de longitud fija | 030214s1913 fr ||||1| fre d |
| 100 1# - ENTRADA PRINCIPAL--NOMBRE DE PERSONA | |
| Nombre de persona | Boyer d'Agen, Auguste-Jean. |
| 9 (RLIN) | 31189 |
| 245 13 - MENCIÓN DEL TÍTULO | |
| Título | La beauté de la femme dans l'art / |
| Mención de responsabilidad, etc. | texte de Boyer d'Agen ; préface d'Armand Dayot. |
| 260 ## - PUBLICACIÓN, DISTRIBUCIÓN, ETC. | |
| Lugar de publicación, distribución, etc. | París : |
| Nombre del editor, distribuidor, etc. | Lapina, |
| Fecha de publicación, distribución, etc. | [1913] |
| 300 ## - DESCRIPCIÓN FÍSICA | |
| Extensión | XX, 53 h., 53 lám. ; |
| Dimensiones | 39 cm. |
| 700 1# - ENTRADA AGREGADA--NOMBRE PERSONAL | |
| Nombre de persona | Dayot, Armand. |
| 9 (RLIN) | 43025 |
| 852 ## - LOCALIZACIÓN | |
| Ubicación | ES-MaACL |
| Número de control de estantería | R-2940 |
| Encuadernación | Olim:B-5523 |
| Estatus retirado | Estado de pérdida | Estado de daño | No para préstamo | Biblioteca de origen | Biblioteca actual | Ubicación en estantería | Fecha de adquisición | Fuente de adquisición | Total de préstamos | Signatura topográfica completa | Código de barras | Visto por última vez | Precio de reemplazo | Tipo de ítem Koha |
|---|---|---|---|---|---|---|---|---|---|---|---|---|---|---|
| Biblioteca del Ateneo de Madrid | Biblioteca del Ateneo de Madrid | Depósito | 17/01/2008 | R-2940 | 1037436 | 23/02/2023 | 23/02/2023 | Libro impreso |
